Statistics for Asian Geography by Letter - E

Click here to take the quiz!

General Stats

  • This quiz has been taken 78 times
  • The average score is 11 of 20

Answer Stats

HintAnswer% Correct
Tallest mountain on EarthMount Everest
100%
Country with gained independence from Indonesia in 2002East Timor
97%
African country which owns the Sinai PeninsulaEgypt
97%
One of the two major Mesopotamian rivers, along with the TigrisEuphrates
96%
National animal of Thailandelephant
92%
Abu Dhabi, Dubai, etc.emirate
92%
Former name of TokyoEdo
90%
Sea between mainland China, Taiwan, Japan, and South KoreaEast China Sea
85%
British company which colonized large parts of South and Southeast AsiaEast India Company
61%
Capital of the Kurdistan region of IraqErbil
58%
Ancient Greek city famous for the Temple of Artemis, one of the Seven Wonders of the Ancient WorldEphesus
49%
Israeli city on the coast of the Red SeaEilat
33%
Largest province of Saudi ArabiaEastern Province
29%
Ancient civilization centred in modern IranElam
19%
Akkadian language poemEpic of Gilgamesh
18%
Ancient kingdom in the southern LevantEdom
13%
Desert in the southern part of the Arabian PeninsulaEmpty Quarter
13%
Ancient Hellenistic city that became the centre of a Crusader stateEdessa
8%
One of the earliest known kingdoms in history, located in modern SyriaEbla
6%
One of the oldest cities in ancient Mesopotamia, and the first listed in the Sumerian King ListEridu
4%

Score Distribution

Percentile by Number Answered

Percent of People with Each Score

Your Score History

You have not taken this quiz